ဗုဒ္ဓအဘိဓမ္မာ အနှစ်ချုပ် / (Record no. 7666)

000 -LEADER
fixed length control field 01302nam a22002417a 4500
003 - CONTROL NUMBER IDENTIFIER
control field OSt
005 - DATE AND TIME OF LATEST TRANSACTION
control field 20241120151217.0
008 - FIXED-LENGTH DATA ELEMENTS--GENERAL INFORMATION
fixed length control field 220829b ||||| |||| 00| 0 eng d
040 ## - CATALOGING SOURCE
Transcribing agency SSBUL
082 ## - DEWEY DECIMAL CLASSIFICATION NUMBER
Edition number 23
Classification number ၂၉၄.၃၈၂၄ တင်
Item number ၁၃၁၇၆(၂) S-SAT
100 0# - MAIN ENTRY--PERSONAL NAME
Personal name တင်မွန်၊
Titles and words associated with a name မင်း၊ ဒေါက်တာ။
245 ## - TITLE STATEMENT
Title ဗုဒ္ဓအဘိဓမ္မာ အနှစ်ချုပ် /
Statement of responsibility, etc. ဒေါက်တာမင်းတင်မွန်။
250 ## - EDITION STATEMENT
Edition statement တတိယအကြိမ်။
260 ## - PUBLICATION, DISTRIBUTION, ETC.
Place of publication, distribution, etc. ရန်ကုန် ၊
Name of publisher, distributor, etc. ရတနာမင်းစာပေ၊
Date of publication, distribution, etc. ၁၉၉၃။
300 ## - PHYSICAL DESCRIPTION
Extent ၂၉၃ စာမျက်နှာ ၊
Size of unit ၁၇ စင်တီ။
500 ## - GENERAL NOTE
General note တက္ကသိုလ်များအထူးရက်တိုသင်တန်းသားများနှင့်အဘိဓမ္မာစာမေးပွဲဖြေဆိုလိုသူများအတွက်ရေးသားထားသောစာအုပ်ဖြစ်သည်။
General note S-SAT: Dr. Sai Aung Tun Collection
504 ## - BIBLIOGRAPHY, ETC. NOTE
Bibliography, etc. note ကျမ်းကိုးစာရင်းပါသည်။
650 ## - SUBJECT ADDED ENTRY--TOPICAL TERM
Topical term or geographic name entry element အဘိဓမ္မာ
910 ## - USER-OPTION DATA (OCLC)
User-option data အဘိဓမ္မာ
942 ## - ADDED ENTRY ELEMENTS (KOHA)
Koha item type Book (Short term)
Source of classification or shelving scheme
Holdings
Withdrawn status Lost status Source of classification or shelving scheme Damaged status Not for loan Collection code Permanent Location Current Location Date acquired Total Checkouts Full call number Barcode Date last seen Date last checked out Price effective from Koha item type Accession Shelving location
        Not For Loan Special Collections Shan State Buddhist University Library Shan State Buddhist University Library 29/08/2022 1 ၂၉၄.၃၈၂၄ မင်း ၁၄၈၈၂ S-KM MB00014882 20/07/2023 11/07/2023 29/08/2022 Book (Short term) ၁၄၈၈၂(S-KM)  
          Special Collections Shan State Buddhist University Library Shan State Buddhist University Library 20/11/2024   ၂၉၄.၃၈၂၄ တင် ၁၃၁၇၆(၂) S-SAT MB000013176 20/11/2024   20/11/2024 Book (Short term) ၁၃၁၇၆(၂) S-SAT Special Collection Shelves
          Special Collections Shan State Buddhist University Library Shan State Buddhist University Library 20/11/2024   ၂၉၄.၃၈၂၄ တင် ၁၃၀၉၇(၁) S-SAT MB000013097 20/11/2024   20/11/2024 Book (Short term) ၁၃၀၉၇(၁) S-SAT Special Collection Shelves

Library - 09407999929
Admin Office - 09407999979
Dean Office - 09250910768
Registrar Office - 09892297154
Email - [email protected]
Shan State Buddhist University, Phaya Phyu Taunggyi, Shan State, Myanmar.